| 000 | 00479nam a22001817a 4500 | ||
|---|---|---|---|
| 003 | OSt | ||
| 005 | 20251023062951.0 | ||
| 008 | 250924b |||||||| |||| 00| 0 eng d | ||
| 020 | _a978-1-84392-197-4. | ||
| 040 |
_aDWCL-Main lib _cOC |
||
| 082 | _aCirc. 364.168 C927 2007 | ||
| 245 | _aCrime online | ||
| 260 |
_aUK : _bWillan Pub., _cc2007. |
||
| 300 |
_aix, 189 pages ; _c23 cm. |
||
| 504 | _aIncludes index. | ||
| 650 | _21. Computer crimes. | ||
| 942 |
_2ddc _cBK-CIRC _kCirc. _n0 |
||
| 999 |
_c4528 _d4528 |
||